000 00283nam a22001337a 4500
008 171031b xxu||||| |||| 00| 0 eng d
020 _a9780072552737
041 _aeng
080 _24TH
_a33
100 _a58
101 _aBUS
245 _aBUSINESS
_cFERRELL,O.C
942 _2udc
_cBK
999 _c36627
_d36627